00482nam a22001577a 4500010001500000020002600015035001400041037001300055082001200068100001900080245005500099260007000154270005900224300002200283500001900305 aENG-120885 c550.00a9781889657158 aEN-104417 bDBAD/PUB a155.332 aBarry,Kathleen aUnmaking war :bremaking men /cby Kathleen Barry aNew DelhibWomen Unlimited (an associate of kali for women)c2012 a7/10 First Floor, Sarvapriya Vihar bNew Delhie110016 ax,235p.c22cm(Hb) aIncludes index